000 00358 a2200157 4500
001 190621
020 _a978-85-360-1147-9
040 _cMagnum
100 _aLouis, Jensen
240 1 0 _aUma jornada para deus
_lpor
245 1 0 _aUma jornada para deus
300 _a26
362 0 _a2012
697 _aLITERATURA INFANTO-JUVENIL ESTRANGEIRA
942 _cBK
999 _c190621
_d190621